000 00359nam a2200145Ia 4500
008 230917s9999||||xx |||||||||||||| ||und||
040 _e143461
_aMAIN
041 _aEnglish
082 _a780.92 T159S:S
100 _aSingh, Easha
245 0 _aSangeet samrat tansen
260 _aNew Delhi
_bParkash Chander Narang
_c1987
300 _a111p. p.
942 _cBK
999 _c58085
_d58085